• 首页
  • 本馆介绍
  • 公告通知
  • 最新文献
  • 馆藏检索
  • 电子资源
  • 读者导购
  • 参考咨询
  • 我的图书馆
  • 登录
  • 详细信息显示
  • 放入我的书架
  • 预约/预借图书
  • 作者相关作品
  • 分类相关作品
  • 丛书相关作品
  • 出版社相关作品

书目信息

  • 表格格式
  • 工作单格式
  • 卡片格式
题名:
高级成本管理会计
    
 
作者: 胡玉明 著
分册:  
出版信息: 厦门   厦门大学出版社  2002
页数: 264页
开本: 23cm
丛书名:
单 册:
中图分类: F234.2
科图分类:
主题词: 成本会计--研究生--教材 , CT--S008129--成本会计
电子资源:
ISBN: 7-5615-1837-4
000 01015nam0 2200265 450
001 002215723
005 20070729093937.53
010    @a7-5615-1837-4@dCNY24.00
100    @a20021224d2002 em y0chiy0110 ea
101 0  @achi
102    @aCN@b350000
105    @ay z 000yy
200 1  @a高级成本管理会计@Agao ji cheng ben guan li kuai ji@f胡玉明著
210    @a厦门@c厦门大学出版社@d2002
215    @a264页@d23cm
300    @a21世纪会计学系列教材 研究生适用
314    @a胡玉明(1965~),福建诏安人,暨南大学会计系/财务与会计研究所教授,出版有《公司理财》、《管理会计学》等。
330    @a本书介绍了20世纪成本管理会计的发展,21世纪成本管理会计主题转变,企业综合绩效评价制度,作业成本计算,质量成本管理会计,中国企业成本管理会计制度的变迁与解释等内容。
510 1  @aAdvanced Cost and Management Accounting@zeng
606 0  @a成本会计@x研究生@j教材
606 0  @2CT@3S008129@a成本会计
690    @aF234.2@v4
701  0 @a胡玉明@Ahu yu ming@4著
801  0 @aCN@bNLC@c20070729
905    @a10447@dF234.2@e315
    
    高级成本管理会计/胡玉明著.-厦门:厦门大学出版社,2002
    264页;23cm
    21世纪会计学系列教材 研究生适用
    
    ISBN 7-5615-1837-4:CNY24.00
    本书介绍了20世纪成本管理会计的发展,21世纪成本管理会计主题转变,企业综合绩效评价制度,作业成本计算,质量成本管理会计,中国企业成本管理会计制度的变迁与解释等内容。
●
相关链接 在E读中查询图书 在五车中查询图书 在当当中查询图书 在豆瓣中查询图书


正题名:高级成本管理会计     索取号:F234.2/315         预约/预借

序号 登录号 条形码 馆藏地/架位号 状态 备注
1 0784866   207848668   第一借阅区/ [索取号:F234.2/315] 在馆    
2 0785152   207851528   第一样本阅览室/ [索取号:F234.2/315] 在馆    
3 0785153   207851537   第一借阅区/ [索取号:F234.2/315] 在馆    
唐山师范学院图书馆 欢迎您!
大连网信软件有限公司© 版权所有